01702njm a2200337Ia 450000100060000000300090000600500170001500800410003204000130007304000130008610000110009910000180011010000380012824500390016625000110020526000110021626000670022730000100029430000290030450000160033350502300034951101510057965000460073070000640077670001220084070000850096270000690104770001090111670000740122570000650129925887IT-RoPAU20220918181118.0131025s9999 xx 000 0 und d aIT-RoPAU cIT-RoPAU aAA.VV. eAutore musica gCodice autore musica SPICS: 12000 aMonk On Riverside 1957-58, vol. 09 a2a ed. aMILANO bRIVERSIDE RECORDSc1984 [1a Ed.:1958 - Ed. Lingua Orig.: 1958] aDISCO c40 minuti (Testo: pag.) aMusica jazz aArgentia [(25 febbraio 1958) (7:00)] - One Foot in the Gutter (8:00) - Moonlight Fiesta (3:00) - Let's Cool One (5:00) - Coming On the Hudson [(25 febbraio 1958) (7:00)] - In Orbit (5:00) - Trust In Me (5:00) - Pea Eye (5:00) aByrd Donald: trumpet; Griffin Johnny: tenor, sax; Adams Pepper: baritone, sax; Monk Theolonius: piano; Ware Wilbur: basso; Jones Philly Joe: drums aJAZZ [DISCHI]eCodice MATERIA SPICS: 9950 aMonk TheloniousgCodice interprete SPICS: 10795eInterprete aTerry ClarkgCodice autore musica SPICS: 13031eAutore musicapArgentia - One Foot in the Gutter - In Orbit - Pea Eye aMills IrvinggCodice autore musica SPICS: 13027eAutore musicapMoonlight Fiesta aTizol JuangCodice autore SPICS: 20356eAutorepMoonlight Fiesta aMonk TheloniousgCodice autore musica SPICS: 10795eAutore musicapLet's Cool One - Coming On the Hudson aMiltongCodice autore musica SPICS: 27928eAutore musicapTrust In Me aSchwartz A.gCodice autore SPICS: 15555eAutorepTrust In Me